Основы теории химических процессов технологии органических веществ и нефтепереработки: учебник

Podrobná bibliografie
Hlavní autor: Потехин В. М. Вячеслав Матвеевич
Další autoři: Потехин В. В. Вячеслав Вячеславович
Shrnutí:В книге изложены основные положения по теории и практике типовых процессов многотоннажной технологии органических веществ и нефтепереработки, даны научные основы радикально-цепных, гомогенных и гетерогенных каталитических реакций. Рассмотрена характеристика химических процессов, реакторов и растворителей, применяемых в научных и промышленных синтезах, а также приведен термодинамический и кинетический анализ простых и сложных по стехиометрии реакций. Большое внимание уделено механизмам химических реакций, элементарным реакциям, реакционной способности и активации реагентов, гомогенному и гетерогенному катализу. Важное место в книге занимает рассмотрение прикладных аспектов гомогенных и гетерогенно-каталитических процессов, применяемых в нефтехимии и нефтепереработке, промышленном органическом синтезе (пиролиз, каталитический крекинг, реформинг, изомеризация, гидроочистка, гидрокрекинг, окисление, гидрирование и дегидрирование, олигомеризация, полимеризация, синтезы на основе оксида углерода(П) и др.). В конце каждой части книги приводятся упражнения и задачи, список рекомендуемой литературы. Книга предназначается для студентов, специализирующихся в области нефтехимии и нефтепереработки, в органическом синтезе. Она может быть полезна для аспирантов, научных и инженерных работников химической, нефтехимической и нефтеперерабатывающей промышленности и смежных с ними областей.
Jazyk:ruština
Vydáno: СПб., Химиздат, 2005
Edice:Учебник для вузов
Témata:
Médium: MixedMaterials Kniha
KOHA link:https://koha.lib.tpu.ru/cgi-bin/koha/opac-detail.pl?biblionumber=114929

MARC

LEADER 00000nam0a2200000 4500
001 114929
005 20231101215227.0
010 |a 5938080932 
035 |a (RuTPU)RU\TPU\book\124291 
090 |a 114929 
100 |a 20070428d2005 m y0rusy50 ca 
101 0 |a rus 
102 |a RU 
105 |a a j 001zy 
200 1 |a Основы теории химических процессов технологии органических веществ и нефтепереработки  |e учебник  |f В. М. Потехин, В. В. Потехин 
210 |a СПб.  |c Химиздат  |d 2005 
215 |a 912 с.  |c ил. 
225 1 |a Учебник для вузов 
320 |a Библиография в конце глав. 
330 |a В книге изложены основные положения по теории и практике типовых процессов многотоннажной технологии органических веществ и нефтепереработки, даны научные основы радикально-цепных, гомогенных и гетерогенных каталитических реакций. Рассмотрена характеристика химических процессов, реакторов и растворителей, применяемых в научных и промышленных синтезах, а также приведен термодинамический и кинетический анализ простых и сложных по стехиометрии реакций. Большое внимание уделено механизмам химических реакций, элементарным реакциям, реакционной способности и активации реагентов, гомогенному и гетерогенному катализу. Важное место в книге занимает рассмотрение прикладных аспектов гомогенных и гетерогенно-каталитических процессов, применяемых в нефтехимии и нефтепереработке, промышленном органическом синтезе (пиролиз, каталитический крекинг, реформинг, изомеризация, гидроочистка, гидрокрекинг, окисление, гидрирование и дегидрирование, олигомеризация, полимеризация, синтезы на основе оксида углерода(П) и др.). В конце каждой части книги приводятся упражнения и задачи, список рекомендуемой литературы. Книга предназначается для студентов, специализирующихся в области нефтехимии и нефтепереработки, в органическом синтезе. Она может быть полезна для аспирантов, научных и инженерных работников химической, нефтехимической и нефтеперерабатывающей промышленности и смежных с ними областей. 
451 1 |0 (RuTPU)RU\TPU\book\143518  |y 978-5-93808-147-5  |t Основы теории химических процессов технологии органических веществ и нефтепереработки  |o учебник  |f В. М. Потехин, В. В. Потехин  |e 2-е изд., испр. и доп.  |c СПб.  |n Химиздат  |d 2007  |p 944 с.  |s Учебник для вузов  |a Потехин, Вячеслав Матвеевич 
606 1 |a Органические вещества  |x Химическая технология  |2 stltpush  |3 (RuTPU)RU\TPU\subj\73441  |9 86442 
606 1 |a Нефтепереработка  |2 stltpush  |3 (RuTPU)RU\TPU\subj\72833  |9 86220 
610 1 |a химические процессы 
610 1 |a реакторы 
610 1 |a растворители 
610 1 |a термодинамический анализ 
610 1 |a кинетика 
610 1 |a кинетический анализ 
610 1 |a радикалы 
610 1 |a радикальные реакции 
610 1 |a радикально-цепные реакции 
610 1 |a радикально-цепные процессы 
610 1 |a катализ 
610 1 |a каталитические реакции 
610 1 |a промышленный органический синтез 
610 1 |a гомогенный металлокомплексный катализ 
610 1 |a комплексные соединения 
610 1 |a химическая связь 
610 1 |a катализ гетерогенный 
610 1 |a гетерогенно-каталические процессы 
610 1 |a нефтехимия 
610 1 |a учебники 
675 |a 661.7(075.8)  |v 3 
675 |a 665.63(075.8)  |v 3 
700 1 |a Потехин  |b В. М.  |g Вячеслав Матвеевич 
701 1 |a Потехин  |b В. В.  |g Вячеслав Вячеславович 
801 1 |a RU  |b 63413507  |c 20070428  |g PSBO 
801 2 |a RU  |b 63413507  |c 20210623  |g PSBO 
900 |a Технология основного органического и неорганического синтеза 
900 |a Химия и технология органических веществ 
942 |c BK 
954 |a 550800  |b 240100  |b 240401 
959 |a 35/20070428  |d 10  |e 0  |f УФ:10